000
00296nam a2200109Ia 4500
008
200302s9999 xx 000 0 und d
100
_a
Derek Walker Associates
245
_a
Derek Walker Associates The View From Great Linford
260
_b
Academy Group Ltd.
260
_c
1995
300
_a
144 P.,
999
_c
2439
_d
2439